000 00517nam a22002177a 4500
003 UA-OsUOA
001 39164
007 ta
008 20080312b un ||||| |||| 00| 0 ukr d
090 _a94(477).14
_bМ57
942 _cBK
040 _aUA-OsUOA
_bukr
_cUA-OsUOA
_dUA-OsUOA
245 _aМи йдемо!
300 _a197 с.
955 _a4
041 _aukr
080 _a94(477).14
260 _aК.
_bНаУКМА
650 7 _a9 Географія. Біографії. Історія
_2UDC
999 _c436788
_d436788